Franz Jalics. Obra completa.
Na minha lista:
| Autor principal: | |
|---|---|
| Outros Autores: | |
| Formato: | Desconhecido |
| Idioma: | espanhol |
| Publicado em: |
Salamanca, España:
Ediciones Sígueme,
2022-2023.
|
| Colecção: | Colección Nueva Alianza,
|
| Assuntos: | |
| Tags: |
Adicionar Tag
Sem tags, seja o primeiro a adicionar uma tag!
|
MARC
| LEADER | 00000 a2200000 4500 | ||
|---|---|---|---|
| 003 | CL-VaPUC | ||
| 005 | 20250107164056.0 | ||
| 008 | 241218t2022 ||||| |||| 00spa eng d | ||
| 999 | |c 445735 |d 445733 | ||
| 020 | |a 978-84-301-2096-3 (o.c) | ||
| 020 | |a 978-84-301-2139-7 (v.II) | ||
| 020 | |a 978-84-301-2157-1 (v.III) | ||
| 040 | |c Pontificia Universidad Católica de Valparaíso | ||
| 082 | |2 22 |a 231.74 JAL 2022 (v.II) | ||
| 082 | |2 22 |a 231.74 JAL 2023 (v.III) | ||
| 100 | |a Jalics, Franz |e autor |9 893876 | ||
| 245 | |a Franz Jalics. Obra completa. | ||
| 260 | |a Salamanca, España: |b Ediciones Sígueme, |c 2022-2023. | ||
| 300 | |a Volúmenes. | ||
| 490 | |a Colección Nueva Alianza, |n 255, 256. | ||
| 505 | |a Contiene: - v.II: Manual de oración: Nueve propuestas para el entrenamiento espiritual. - v.III: Encontrarse con Dios. | ||
| 583 | |k Cristina María Rojas Aguilar |c 20241218 | ||
| 650 | 0 | |9 266622 |a Dios |x Revelación |x Vida espiritual | |
| 650 | 0 | |9 881640 |a Relación con Dios |x Oraciones cristianas | |
| 700 | |a D'Ors, Pablo |e editor |9 894937 | ||
| 942 | |2 ddc |c BK | ||
| 952 | |0 0 |1 0 |2 ddc |4 0 |6 231_740000000000000_JAL_2022 |7 0 |8 A |9 598745 |a BIBTEO |b BIBTEO |d 2024-12-17 |e 8 |g 19249.00 |h v.II |i 5663703 |o 231.74 JAL 2022 |p 5663703 |r 2025-01-17 |t 1 |v 19249.00 |w 2024-12-17 |y BK |k ICR | ||
| 952 | |0 0 |1 0 |2 ddc |4 0 |6 231_740000000000000_JAL_2023 |7 0 |8 A |9 598748 |a BIBTEO |b BIBTEO |d 2024-12-17 |e 8 |g 19249.00 |h v.III |i 5663706 |l 2 |o 231.74 JAL 2023 |p 5663706 |r 2025-04-16 |s 2025-04-14 |t 1 |v 19249.00 |w 2024-12-17 |y BK |k ICR | ||